00258nam a2200109 a 4500008004100000050001500041100002900056245003300085250001200118260000900130350000900139120416s1967 xx |||||||||||||| || u aTS 227 Gia aGiachino, Joseph William10aWelding skills and practices a3rd ed. c1967 a0.00